| 000 | 00970nam a22002535a 4500 | ||
|---|---|---|---|
| 003 | OSt | ||
| 005 | 20170330112623.0 | ||
| 008 | 170330s2009 ua frb 000 0 ara d | ||
| 015 | _a2009 / 1907 | ||
| 020 | _a9789770459209 | ||
| 040 |
_aEG-ScBUE _bara _cEG-ScBUE |
||
| 043 |
_an-us--- _ae-uk--- |
||
| 082 | 0 | 4 |
_a345.05 _bع و ض _222 |
| 100 | 1 | _aعوض، رمزي رياض. | |
| 245 | 1 | 2 |
_aالإجراءات الجنائية في القانون الأنجلو أمريكي / _cرمزي رياض عوض. |
| 260 |
_aالقاهرة : _bدار النهضة العربية، _c2009. |
||
| 300 |
_a599 ص. ؛ _c24 سم. |
||
| 504 | _aيشتمل على إرجاعات ببليوجرافية. | ||
| 650 | 7 |
_aقانون الإجراءات الجنائية _zالولايات المتحدة الأمريكية. _2BUEsh |
|
| 650 |
_aقانون الإجراءات الجنائية _zبريطانيا. _2BUEsh |
||
| 651 | _2BUEsh | ||
| 653 |
_bLLAAWW _cMarch2017 |
||
| 942 | _2ddc | ||
| 999 |
_c24575 _d24547 |
||